Online katalóg knižníc regiónu Turca

Sud. Morská záhada (Record no. 20700)

MARC details
000 -LEADER
fixed length control field 01827cam a2200517 a 4500
001 - CONTROL NUMBER
control field 20700
003 - CONTROL NUMBER IDENTIFIER
control field VRT
005 - DATE AND TIME OF LATEST TRANSACTION
control field 20260130110212.0
008 - FIXED-LENGTH DATA ELEMENTS--GENERAL INFORMATION
fixed length control field 240318s1967 xo g 0100f slo
015 ## - NATIONAL BIBLIOGRAPHY NUMBER
National bibliography number SNBA1967
020 ## - INTERNATIONAL STANDARD BOOK NUMBER
Qualifying information (viaz.)
035 ## - SYSTEM CONTROL NUMBER
System control number SNK000358108
039 #9 - LEVEL OF BIBLIOGRAPHIC CONTROL AND CODING DETAIL [OBSOLETE]
Level of rules in bibliographic description 202512281843
Level of effort used to assign nonsubject heading access points csnk01
Level of effort used to assign subject headings 202404301410
Level of effort used to assign classification msnk159
Level of effort used to assign subject headings 202404301408
Level of effort used to assign classification msnk159
Level of effort used to assign subject headings 202404291131
Level of effort used to assign classification msnk159
040 ## - CATALOGING SOURCE
Original cataloging agency SNK
Language of cataloging slo
Transcribing agency SNK
Modifying agency SVKBB
Description conventions AACR2
041 1# - LANGUAGE CODE
Language code of text/sound track or separate title slo
Language code of original eng
044 ## - COUNTRY OF PUBLISHING/PRODUCING ENTITY CODE
MARC country code xo
ISO country code SK
072 #7 - SUBJECT CATEGORY CODE
Subject category code 821.111-3
Subject category code subdivision Anglická próza, anglicky písaná
Source konspekt
080 ## - UNIVERSAL DECIMAL CLASSIFICATION NUMBER
Universal Decimal Classification number 821.111-31=162.4
Edition identifier 2001
080 ## - UNIVERSAL DECIMAL CLASSIFICATION NUMBER
Universal Decimal Classification number (0:82-312.4)
Edition identifier 2011
100 1# - MAIN ENTRY--PERSONAL NAME
Personal name Crofts, Freeman Wills,
Dates associated with a name 1879-1957
Relationship aut
245 10 - TITLE STATEMENT
Title Sud. Morská záhada
Statement of responsibility, etc. Freeman Wills Crofts ; preložili Viera Šimová, Ivan Krčméry
246 38 - VARYING FORM OF TITLE
Title proper/short title Inšpektor French
Number of part/section of a work 3
250 ## - EDITION STATEMENT
Edition statement 1. vyd.
260 ## - PUBLICATION, DISTRIBUTION, ETC.
Place of publication, distribution, etc. Bratislava
Name of publisher, distributor, etc. Slovenský spisovateľ
Date of publication, distribution, etc. 1967
300 ## - PHYSICAL DESCRIPTION
Extent 525 s.
Dimensions 21 cm
366 ## - TRADE AVAILABILITY INFORMATION
Note 45000 výtl.
490 1# - SERIES STATEMENT
Series statement Zelená knižnica
500 ## - GENERAL NOTE
General note Preložené z angličtiny
500 ## - GENERAL NOTE
General note Obsahuje 2 diela
655 #7 - INDEX TERM--GENRE/FORM
Genre/form data or focus term anglické romány
Source of term SNKPH
655 #7 - INDEX TERM--GENRE/FORM
Genre/form data or focus term detektívne romány
Source of term SNKPH
700 1# - ADDED ENTRY--PERSONAL NAME
Personal name Šimová, Viera
Relationship trl
700 1# - ADDED ENTRY--PERSONAL NAME
Personal name Krčméry, Ivan,
Dates associated with a name 1921-1997
Relationship trl
700 12 - ADDED ENTRY--PERSONAL NAME
Personal name Crofts, Freeman Wills,
Dates associated with a name 1879-1957
Title of a work The Cask
Language of a work Slovensky
700 12 - ADDED ENTRY--PERSONAL NAME
Personal name Crofts, Freeman Wills,
Dates associated with a name 1879-1957
Title of a work The Sea mystery
Language of a work Slovensky
740 02 - ADDED ENTRY--UNCONTROLLED RELATED/ANALYTICAL TITLE
Uncontrolled related/analytical title Morská záhada
787 08 - OTHER RELATIONSHIP ENTRY
Relationship information Zo série:
Title Inšpektor French
830 #0 - SERIES ADDED ENTRY--UNIFORM TITLE
Uniform title Zelená knižnica
942 ## - ADDED ENTRY ELEMENTS (KOHA)
Source of classification or shelving scheme Dewey Decimal Classification
Koha item type Krásna literatúra pre dospelých
Suppress in OPAC No
949 ## - LOCAL PROCESSING INFORMATION (OCLC)
6 2889068160
a savukM 28872
949 ## - LOCAL PROCESSING INFORMATION (OCLC)
6 273K0288030
a svkpoA 64342
b svkpo148748
949 ## - LOCAL PROCESSING INFORMATION (OCLC)
6 17A0263945
9 P60, <05>, [BOOK], {605}
a snkSD 31556 D1
949 ## - LOCAL PROCESSING INFORMATION (OCLC)
6 17A0832682
a snkSD 31556
b snkKSP 4891/67
949 ## - LOCAL PROCESSING INFORMATION (OCLC)
6 270001000523910
a svkbbS 14511
b svkbbm 166417
Holdings
Stav vyradenia Strata Poškodenie Spôsob nadobudnutia Domovská knižnica Aktuálna knižnica Dátum nadobudnutia Total checkouts Čiarový kód exemplára Date last seen Typ exemplára
      Dar Obecná knižnica Horná Štubňa Obecná knižnica Horná Štubňa 30.01.2026   4736200836 30.01.2026 Krásna literatúra pre dospelých
Projekt je podporený Slovenskou asociáciou knižníc
Prevádzkuje Turčianska knižnica Martin 2026